<?xml version="1.0" encoding="UTF-8"?>
<marc:record xmlns:marc="http://www.loc.gov/MARC21/slim">
   <marc:leader>00000nam a2200000 a 4500</marc:leader>
   <marc:datafield ind1="1" ind2=" " tag="100">
      <marc:subfield code="a">Stadermann, Alexs</marc:subfield>
      <marc:subfield code="4">drt</marc:subfield>
      <marc:subfield code="e">Regisseur/-in</marc:subfield>
   </marc:datafield>
   <marc:datafield ind1=" " ind2=" " tag="653">
      <marc:subfield code="a">Animationsfilm</marc:subfield>
   </marc:datafield>
   <marc:datafield ind1=" " ind2=" " tag="653">
      <marc:subfield code="a">Zeichentrick</marc:subfield>
   </marc:datafield>
   <marc:datafield ind1=" " ind2=" " tag="653">
      <marc:subfield code="a">Wolf</marc:subfield>
   </marc:datafield>
   <marc:datafield ind1=" " ind2=" " tag="653">
      <marc:subfield code="a">Tiere</marc:subfield>
   </marc:datafield>
   <marc:datafield ind1=" " ind2=" " tag="653">
      <marc:subfield code="a">Familienfilm</marc:subfield>
   </marc:datafield>
   <marc:datafield ind1="0" ind2="0" tag="245">
      <marc:subfield code="a">100 % Wolf [DVD]</marc:subfield>
   </marc:datafield>
   <marc:datafield ind1="0" ind2="0" tag="245">
      <marc:subfield code="b">jeder hat das Zeug zum Helden!</marc:subfield>
   </marc:datafield>
   <marc:datafield ind1=" " ind2="1" tag="264">
      <marc:subfield code="a">München</marc:subfield>
      <marc:subfield code="b">Constantin Film</marc:subfield>
      <marc:subfield code="c">2021</marc:subfield>
   </marc:datafield>
   <marc:datafield ind1="1" ind2=" " tag="520">
      <marc:subfield code="a">Freddy Lupin ist kein gewöhnlicher Junge, sondern stammt aus einer Familie stolzer Werwölfe. Er kann es kaum erwarten, dass er sich zum ersten Mal verwandelt - wie zuvor auch sein berühmter Vater, der ehemalige Anführer des Werwolfrudels. Doch in der Nacht seines 13. Geburtstags, als es endlich soweit sein soll, passiert etwas Schreckliches: Freddy verwandelt sich nicht in einen starken und furchterregenden Wolf, sondern in einen winzigen … Pudel! Was für ein Drama. Freddy wird von seinem Onkel auf die Straße gejagt und lernt in seiner größten Not die clevere Straßenhündin Batty kennen. Gemeinsam mit ihr stürzt er sich in ein turbulentes Abenteuer und landet in einem Hundezwinger. Doch er wird beweisen, dass er trotz seines flauschigen Äußeren innen drin 100% Wolf ist. &#xD;
&#xD;
Mit den Stimmen von Hella von Sinnen und Kurt Krömer.</marc:subfield>
   </marc:datafield>
   <marc:datafield ind1=" " ind2=" " tag="338">
      <marc:subfield code="a">Videodisk</marc:subfield>
   </marc:datafield>
   <marc:datafield ind1=" " ind2=" " tag="300">
      <marc:subfield code="a">1 DVD</marc:subfield>
   </marc:datafield>
</marc:record>
